[Event "Gatineau Hiver-B"]
[Site "Gatineau"]
[Date "2017.02.21"]
[Round "4"]
[White "Berthiaume, Serge"]
[Black "Labelle, Raymond"]
[Result "0-1"]
[WhiteElo "1525"]
[BlackElo "1475"]
[PlyCount "104"]
[EventDate "2017.01.31"]
[EventType "swiss"]
[EventRounds "4"]
[EventCountry "CAN"]
[SourceTitle "EXT 2022"]
[Source "ChessBase"]
[SourceDate "2021.10.06"]
[SourceVersion "1"]
[SourceVersionDate "2021.10.06"]
[SourceQuality "1"]

1. c4 e5 2. Nc3 Bc5 3. e3 Nc6 4. a3 a5 5. Qg4 g6 6. Qd1 Nf6 7. g3 d6 8. Bg2 Bf5 9. d3 Qd7 10. h3 h5 11. Nd5 Nxd5 12. cxd5 g5 13. dxc6 bxc6 14. e4 Be6 15. Be3 Bxe3 16. fxe3 Rb8 17. Qd2 a4 18. Ne2 Ke7 19. d4 f6 20. d5 Bf7 21. Nc3 c5 22. 0-0 Rb7 23. Qf2 Rh6 24. Rac1 Ra7 25. Rc2 Qc8 26. Qe2 Be8 27. Rf2 Rb7 28. Qf1 Bd7 29. Kh2 Qb8 30. Qg1 Qc8 31. Bf1 Qb8 32. Be2 Rxb2 33. Rxb2 Qxb2 34. Nb1 Qb7 35. Qd1 Qb2 36. Kg2 Qb8 37. Bc4 Qc8 38. Qh1 Qa8 39. Rb2 Rh8 40. Nc3 g4 41. h4 Rf8 42. Qb1 f5 43. Bb5 Bc8 44. Bc6 Qa5 45. Nxa4 fxe4 46. Re2 Ba6 47. Bb5 Bxb5 48. Rb2 Bxa4 49. Qxe4 Qe1 50. Qd3 Bd1 51. Rb1 Qf2+ 52. Kh1 Bf3# 0-1

[Event "Gatineau Eveil Printanier U1500"]
[Site "Gatineau"]
[Date "2016.03.08"]
[Round "2"]
[White "Labelle, Raymond"]
[Black "Berthiaume, Serge"]
[Result "1-0"]
[WhiteElo "1358"]
[BlackElo "1490"]
[PlyCount "142"]
[EventDate "2016.03.01"]
[EventType "swiss"]
[EventRounds "5"]
[EventCountry "CAN"]
[SourceTitle "EXT 2022"]
[Source "ChessBase"]
[SourceDate "2021.10.06"]
[SourceVersion "1"]
[SourceVersionDate "2021.10.06"]
[SourceQuality "1"]

1. e4 e6 2. d4 d5 3. e5 c5 4. c3 Nc6 5. Nf3 cxd4 6. cxd4 Qa5+ 7. Nc3 Bd7 8. Rb1 Bb4 9. Bd2 Qd8 10. Bd3 Nge7 11. 0-0 Ba5 12. Nb5 0-0 13. Bxh7+ Kh8 14. Bxa5 Nxa5 15. Ng5 Nf5 16. Qh5 Nh6 17. Nd6 Be8 18. b4 Nc4 19. Nxc4 f5 20. Qh4 dxc4 21. f4 Bf7 22. Rf3 Qe8 23. Rh3 Bg6 24. Bxg6 Qxg6 25. b5 Rfd8 26. Qf2 Kg8 27. Rc1 Rd5 28. a4 Rc8 29. Rhc3 Ng4 30. Qd2 Qe8 31. Rxc4 Rxc4 32. Rxc4 g6 33. Qc1 Kg7 34. Rc8 Qe7 35. Rc7 Rd7 36. Rxd7 Qxd7 37. Nxe6+ Qxe6 38. Qc7+ Qf7 39. Qxf7+ Kxf7 40. d5 Ne3 41. d6 Ke6 42. Kf2 Nc4 43. Kf3 Nb6 44. a5 Nc4 45. a6 b6 46. g4 Na3 47. gxf5+ gxf5 48. h4 Nxb5 49. h5 Nd4+ 50. Kf2 Nc6 51. Ke3 Nd8 52. Kd4 Nc6+ 53. Kc4 Nd8 54. Kb5 Kf7 55. Kc4 Ne6 56. Kd5 Nxf4+ 57. Kc6 Ne6 58. Kb7 f4 59. Kxa7 f3 60. Kxb6 f2 61. a7 f1Q 62. a8Q Qb1+ 63. Ka7 Qa2+ 64. Kb8 Qc4 65. Qb7+ Kg8 66. Qc8+ Qxc8+ 67. Kxc8 Kf7 68. Kd7 Nf8+ 69. Kc8 Ke6 70. h6 Kxe5 71. h7 Nxh7 1-0

[Event "Gatineau Aylmer CC Hiver"]
[Site "Gatineau"]
[Date "2016.01.22"]
[Round "3"]
[White "Labelle, Raymond"]
[Black "Shi, Leo"]
[Result "1-0"]
[WhiteElo "1335"]
[BlackElo "1215"]
[PlyCount "47"]
[EventDate "2016.01.08"]
[EventType "swiss"]
[EventRounds "6"]
[EventCountry "CAN"]
[SourceTitle "EXT 2022"]
[Source "ChessBase"]
[SourceDate "2021.10.06"]
[SourceVersion "1"]
[SourceVersionDate "2021.10.06"]
[SourceQuality "1"]

1. e4 c5 2. Nf3 Nc6 3. d4 cxd4 4. Nxd4 g6 5. Nxc6 bxc6 6. Bc4 Nf6 7. Nc3 d5 8. exd5 cxd5 9. Nxd5 Nxd5 10. Bxd5 Rb8 11. Bxf7+ Kxf7 12. Qxd8 Bg7 13. Qd5+ Kf8 14. Qf3+ Ke8 15. 0-0 Bxb2 16. Bxb2 Rxb2 17. Qc3 Rf8 18. Qxb2 Ba6 19. Rfe1 e6 20. Rxe6+ Kd8 21. Qa3 Rf5 22. Qd6+ Kc8 23. Re8+ Kb7 24. Rb8# 1-0

[Event "Gatineau Aylmer CC Hiver"]
[Site "Gatineau"]
[Date "2016.01.15"]
[Round "2"]
[White "Zhao, Ritchie"]
[Black "Labelle, Raymond"]
[Result "1-0"]
[WhiteElo "1096"]
[BlackElo "1335"]
[PlyCount "62"]
[EventDate "2016.01.08"]
[EventType "swiss"]
[EventRounds "6"]
[EventCountry "CAN"]
[SourceTitle "EXT 2022"]
[Source "ChessBase"]
[SourceDate "2021.10.06"]
[SourceVersion "1"]
[SourceVersionDate "2021.10.06"]
[SourceQuality "1"]

1. e4 e6 2. g3 d5 3. exd5 exd5 4. Nf3 Bg4 5. Be2 Bc5 6. d4 Qe7 7. Bg5 f6 8. h3 Bxf3 9. Rg1 Bxd4 10. c3 Bxe2 11. Qxe2 Qxe2+ 12. Kxe2 Bxf2 13. Rf1 Bxg3 14. Kf3 Be5 15. Re1 Nc6 16. Na3 fxg5 17. Nb5 0-0-0 18. Na3 Nh6 19. Nc2 Rhf8+ 20. Kg2 Nf5 21. Nd4 Nh4+ 22. Kg1 Nxd4 23. Rxe5 Ndf3+ 24. Kf2 Nxe5+ 25. Ke3 Nc4+ 26. Kd4 b6 27. b3 Rf4+ 28. Kd3 Nb2+ 29. Kd2 Rf2+ 30. Kc1 Re8 31. Kb1 Re1# 1-0

[Event "Gatineau Hull CC Reserve-B"]
[Site "Gatineau"]
[Date "2015.12.15"]
[Round "4"]
[White "Simard, Paul"]
[Black "Labelle, Raymond"]
[Result "1-0"]
[WhiteElo "1195"]
[BlackElo "1349"]
[PlyCount "75"]
[EventDate "2015.11.24"]
[EventType "swiss"]
[EventRounds "5"]
[EventCountry "CAN"]
[SourceTitle "EXT 2022"]
[Source "ChessBase"]
[SourceDate "2021.10.06"]
[SourceVersion "1"]
[SourceVersionDate "2021.10.06"]
[SourceQuality "1"]

1. f4 Nf6 2. e3 d5 3. Nf3 Bg4 4. b3 Nc6 5. Bb5 a6 6. Bxc6+ bxc6 7. Bb2 e6 8. 0-0 Bd6 9. Qe1 0-0 10. Nc3 c5 11. Ne2 Rb8 12. Qh4 Bf5 13. Rac1 Be7 14. Qe1 Ng4 15. h3 Nf6 16. Ng3 Bg6 17. Ne5 Ne4 18. Nc6 Qe8 19. Nxb8 Nxg3 20. Qxg3 Qxb8 21. c4 c6 22. d4 dxc4 23. Ba1 cxb3 24. axb3 Qxb3 25. dxc5 Qb8 26. Qe1 Bd3 27. Rf3 Be4 28. Rg3 g6 29. Qc3 f6 30. h4 h5 31. Qc4 Bd5 32. Rxg6+ Kf7 33. Qd3 f5 34. Rg7+ Ke8 35. Qxa6 Bxh4 36. Be5 Qd8 37. Bc7 Qc8 38. Qxc8+ 1-0

[Event "Gatineau Outaouais op U1900"]
[Site "Gatineau"]
[Date "2014.06.??"]
[Round "1"]
[White "Rodriguez, Jose Manuel"]
[Black "Labelle, Raymond"]
[Result "1/2-1/2"]
[WhiteElo "1652"]
[BlackElo "1387"]
[PlyCount "91"]
[EventDate "2014.06.??"]
[EventType "swiss"]
[EventRounds "5"]
[EventCountry "CAN"]
[SourceTitle "EXT 2022"]
[Source "ChessBase"]
[SourceDate "2021.10.06"]
[SourceVersion "1"]
[SourceVersionDate "2021.10.06"]
[SourceQuality "1"]

1. e4 e6 2. f4 d5 3. d4 Nc6 4. Bb5 Bd7 5. Bxc6 Bxc6 6. e5 Nh6 7. Nf3 Bb5 8. Nc3 Ba6 9. Ne2 c5 10. c3 Nf5 11. Qa4+ Qd7 12. Qxd7+ Kxd7 13. g4 Ne7 14. dxc5 Bd3 15. Be3 Be4 16. 0-0 h5 17. h3 hxg4 18. hxg4 Rh3 19. Kg2 Rh6 20. Ng3 Rg6 21. Nxe4 dxe4 22. Ng5 Nd5 23. Kf2 Nxe3 24. Kxe3 Bxc5+ 25. Kxe4 Ke7 26. Kf3 f6 27. Ne4 Bb6 28. exf6+ gxf6 29. Rh1 Rag8 30. Rh7+ Kf8 31. Nd6 R6g7 32. Rxg7 Rxg7 33. Nc4 Bc7 34. Re1 Re7 35. f5 exf5 36. Rxe7 fxg4+ 37. Kxg4 Kxe7 38. Kf5 b5 39. Ne3 Kf7 40. Nd5 Bd8 41. b3 a5 42. a4 bxa4 43. bxa4 Be7 44. Nb6 Bd8 45. Nd5 Be7 46. Nb6 1/2-1/2

[Event "Outaouais-ch reserve"]
[Site "Gatineau"]
[Date "2014.05.16"]
[Round "6"]
[White "Labelle, Raymond"]
[Black "Jobin, Gilles G"]
[Result "0-1"]
[WhiteElo "1303"]
[BlackElo "1759"]
[PlyCount "88"]
[EventDate "2014.04.14"]
[EventType "swiss"]
[EventRounds "6"]
[EventCountry "CAN"]
[SourceTitle "EXT 2022"]
[Source "ChessBase"]
[SourceDate "2021.10.06"]
[SourceVersion "1"]
[SourceVersionDate "2021.10.06"]
[SourceQuality "1"]

1. e4 d6 2. d4 Nf6 3. Nc3 c6 4. Nf3 Bg4 5. Be2 Nbd7 6. Ng5 Bxe2 7. Qxe2 e5 8. Qc4 Qe7 9. d5 Nb6 10. Qb3 h6 11. Nf3 Qc7 12. dxc6 bxc6 13. Be3 Ng4 14. Bd2 Be7 15. h3 Nf6 16. 0-0 0-0 17. Rfe1 Rfb8 18. a4 Rb7 19. Nd1 Nbd7 20. Qe3 Nc5 21. Nh4 Ncxe4 22. Nf5 Bf8 23. Bc1 Kh7 24. Qd3 Nc5 25. Qg3 Qd7 26. Nde3 Nfe4 27. Qf3 g6 28. Nh4 Ng5 29. Qe2 Nge6 30. b3 Be7 31. Nf3 Ng5 32. Nd2 Nge4 33. Ndc4 Qe6 34. Bb2 f6 35. Na5 Rc7 36. b4 Nb7 37. Nb3 d5 38. c3 Nbd6 39. Nc5 Nxc5 40. bxc5 Ne4 41. Ng4 Bxc5 42. Kh1 h5 43. Nh2 Qf5 44. f3 Ng3# 0-1

[Event "Outaouais-ch reserve"]
[Site "Gatineau"]
[Date "2014.05.06"]
[Round "4"]
[White "Labelle, Raymond"]
[Black "Leon, Carlos Antonio"]
[Result "0-1"]
[WhiteElo "1303"]
[BlackElo "1739"]
[PlyCount "112"]
[EventDate "2014.04.14"]
[EventType "swiss"]
[EventRounds "6"]
[EventCountry "CAN"]
[SourceTitle "EXT 2022"]
[Source "ChessBase"]
[SourceDate "2021.10.06"]
[SourceVersion "1"]
[SourceVersionDate "2021.10.06"]
[SourceQuality "1"]

1. e4 e6 2. d4 d5 3. e5 c5 4. c3 Nc6 5. Nf3 Bd7 6. Be2 Nge7 7. dxc5 Ng6 8. b4 Ncxe5 9. Nxe5 Nxe5 10. Bf4 Ng6 11. Bg3 Be7 12. 0-0 0-0 13. Nd2 b6 14. cxb6 Qxb6 15. Nf3 Bb5 16. Bxb5 Qxb5 17. a4 Qc4 18. Qd4 Rfc8 19. Rfc1 Bf6 20. Qxc4 Rxc4 21. Ra3 Rac8 22. Bd6 Rxc3 23. Raxc3 Rxc3 24. Rxc3 Bxc3 25. b5 Ba5 26. Bc5 Bb6 27. Bxb6 axb6 28. a5 bxa5 29. b6 Nf8 30. b7 Nd7 31. Ne5 Nb8 32. Kf1 Kf8 33. Ke1 Ke7 34. Kd2 f6 35. Nd3 Kd6 36. Kc3 e5 37. f3 Kc6 38. Kb3 Kxb7 39. Ka4 Kb6 40. g4 Nd7 41. Nf2 Nc5+ 42. Ka3 e4 43. fxe4 dxe4 44. Nd1 Kb5 45. Ne3 Nd3 46. h4 Kc5 47. Ka4 Kd4 48. Nc2+ Ke5 49. Kxa5 Kf4 50. Nd4 Kxg4 51. Kb5 f5 52. Kc4 Ne5+ 53. Kd5 Nf3 54. Ne2 Kxh4 55. Ke6 Kg5 56. Kf7 h5 0-1

[Event "Gatineau Hull CC-chB"]
[Site "Gatineau"]
[Date "2009.04.14"]
[Round "1"]
[White "Libersan, Mattieu"]
[Black "Labelle, Raymond"]
[Result "1-0"]
[WhiteElo "1872"]
[BlackElo "1378"]
[PlyCount "39"]
[EventDate "2009.04.14"]
[EventType "swiss"]
[EventRounds "5"]
[EventCountry "CAN"]
[SourceTitle "EXT 2011"]
[Source "ChessBase"]
[SourceDate "2010.11.26"]
[SourceVersion "1"]
[SourceVersionDate "2010.11.26"]
[SourceQuality "1"]

1. e4 e5 2. Nf3 Nc6 3. Bc4 Bc5 4. c3 Nf6 5. d4 exd4 6. cxd4 Bb4+ 7. Nc3 Nxe4 8. 0-0 Nxc3 9. bxc3 Bxc3 10. Qb3 Bxa1 11. Bxf7+ Kf8 12. Bg5 Nxd4 13. Qa3+ d6 14. Bxd8 Kxf7 15. Rxa1 Ne2+ 16. Kf1 Ng3+ 17. hxg3 Rxd8 18. Qb3+ Kf8 19. Ng5 h6 20. Qf7# 1-0

[Event "Gatineau Fischer Memorial"]
[Site "Gatineau"]
[Date "2009.02.10"]
[Round "4"]
[White "Thibault, David"]
[Black "Labelle, Raymond"]
[Result "1-0"]
[WhiteElo "1665"]
[BlackElo "1353"]
[PlyCount "51"]
[EventDate "2009.01.20"]
[EventType "swiss"]
[EventRounds "6"]
[EventCountry "CAN"]
[SourceTitle "EXT 2011"]
[Source "ChessBase"]
[SourceDate "2010.11.26"]
[SourceVersion "1"]
[SourceVersionDate "2010.11.26"]
[SourceQuality "1"]

1. e4 e5 2. Nf3 Nc6 3. Bc4 Bc5 4. Nc3 Nf6 5. d3 d6 6. h3 h6 7. Bd2 a6 8. Ne2 0-0 9. Bb3 Re8 10. g4 Be6 11. c3 Nh7 12. Ng3 Bxb3 13. Qxb3 Qf6 14. Qd1 Rad8 15. Qe2 d5 16. 0-0-0 d4 17. h4 Qe6 18. Kb1 Qxg4 19. Nf5 Qg6 20. Rhg1 Ng5 21. Nxg5 hxg5 22. Rxg5 Qf6 23. Rxg7+ Kf8 24. Rdg1 Ne7 25. Bg5 Qxg7 26. Nxg7 1-0

[Event "Gatineau Maisonneuve Memorial"]
[Site "Gatineau"]
[Date "2008.10.21"]
[Round "1"]
[White "Labelle, Raymond"]
[Black "Danilov, Alexandre"]
[Result "0-1"]
[WhiteElo "1292"]
[BlackElo "1883"]
[PlyCount "60"]
[EventDate "2008.10.21"]
[EventType "swiss"]
[EventRounds "5"]
[EventCountry "CAN"]
[SourceTitle "EXT 2011"]
[Source "ChessBase"]
[SourceDate "2010.11.26"]
[SourceVersion "1"]
[SourceVersionDate "2010.11.26"]
[SourceQuality "1"]

1. e4 c5 2. Nf3 Nc6 3. d4 cxd4 4. Nxd4 g6 5. Nxc6 bxc6 6. Bc4 Bg7 7. Qf3 e6 8. 0-0 Qf6 9. Qe3 Ne7 10. Nc3 0-0 11. Bd2 d5 12. e5 Qh4 13. Qg5 Qxc4 14. Qxe7 Bxe5 15. Rfe1 Bg7 16. Re3 d4 17. Re4 f5 18. Rh4 e5 19. b3 Qe6 20. Qxe6+ Bxe6 21. Ne2 Bf6 22. Rh3 f4 23. Rf3 g5 24. b4 e4 25. Ra3 Bc4 26. Nc1 e3 27. fxe3 fxe3 28. Be1 d3 29. Bc3 d2 30. Nd3 e2 0-1

[Event "Gatineau Hull CC LEO-chB"]
[Site "Gatineau"]
[Date "2008.05.13"]
[Round "5"]
[White "Labelle, Raymond"]
[Black "Menard, Marc"]
[Result "0-1"]
[WhiteElo "1635"]
[BlackElo "1368"]
[PlyCount "80"]
[EventDate "2008.04.15"]
[EventType "swiss"]
[EventRounds "6"]
[EventCountry "CAN"]
[SourceTitle "EXT 2022"]
[Source "ChessBase"]
[SourceDate "2021.10.06"]
[SourceVersion "1"]
[SourceVersionDate "2021.10.06"]
[SourceQuality "1"]

1. e4 e5 2. Nf3 Nc6 3. Bc4 Nf6 4. Nc3 Bb4 5. Qe2 0-0 6. a3 Ba5 7. b4 Bb6 8. Na4 d5 9. exd5 Nxd5 10. 0-0 Bg4 11. c3 Kh8 12. Nxb6 axb6 13. Qd3 Nf4 14. Qxd8 Raxd8 15. Ng5 Rd7 16. d4 Ne2+ 17. Kh1 Nxc3 18. Bd2 exd4 19. Rfe1 h6 20. Ne4 Nxe4 21. Rxe4 Bf5 22. Rf4 Bg6 23. Rd1 Bc2 24. Rc1 d3 25. Re1 Nd4 26. Re3 Nb3 27. Bxb3 Bxb3 28. Rfe4 Be6 29. Rg3 Bf5 30. Rf4 Be6 31. Rff3 Rfd8 32. Re3 Bd5 33. Kg1 Bb3 34. f4 c5 35. f5 f6 36. Rg4 c4 37. Rh3 b5 38. Bxh6 gxh6 39. Rxh6+ Rh7 40. Rxf6 d2 0-1

[Event "Quebec-ch qual"]
[Site "Gatineau"]
[Date "2008.03.11"]
[Round "1"]
[White "Labelle, Raymond"]
[Black "Groleau, Gilles"]
[Result "1/2-1/2"]
[WhiteElo "1368"]
[BlackElo "1959"]
[PlyCount "149"]
[EventDate "2008.03.11"]
[EventType "swiss"]
[EventRounds "5"]
[EventCountry "CAN"]
[SourceTitle "EXT 2011"]
[Source "ChessBase"]
[SourceDate "2010.11.26"]
[SourceVersion "1"]
[SourceVersionDate "2010.11.26"]
[SourceQuality "1"]

1. e4 c5 2. Nf3 e6 3. d4 cxd4 4. Nxd4 Nf6 5. Nc3 d6 6. Bd3 Nc6 7. Nxc6 bxc6 8. Be3 Be7 9. 0-0 0-0 10. f4 Qc7 11. Qf3 Bd7 12. g4 Rab8 13. g5 Ne8 14. Rab1 f5 15. Rf2 g6 16. h4 Ng7 17. Ne2 d5 18. e5 c5 19. c3 Nh5 20. Ng3 Nxg3 21. Qxg3 c4 22. Be2 Bc5 23. Rh2 Bxe3+ 24. Qxe3 Qb6 25. Kf2 Be8 26. h5 Bf7 27. Qxb6 Rxb6 28. Kg3 Rfb8 29. Bf3 gxh5 30. Kh4 Ra6 31. Ra1 Kg7 32. Bxh5 Bxh5 33. Kxh5 Rab6 34. Rb1 d4 35. cxd4 c3 36. b3 Rb4 37. Rc1 Rxd4 38. Rxc3 Rxf4 39. Rc7+ Kg8 40. g6 hxg6+ 41. Kxg6 Rg4+ 42. Kf6 Rf8+ 43. Kxe6 f4 44. Rch7 Rg6+ 45. Ke7 Rb6 46. Rh8+ Kg7 47. Rxf8 Rb7+ 48. Ke6 Kxf8 49. Rf2 Rf7 50. Kd5 Ke7 51. Ke4 Rh7 52. Rxf4 Rh2 53. a4 Rb2 54. Rf3 Ke6 55. Rf6+ Ke7 56. Rf3 Ke6 57. Rc3 Re2+ 58. Re3 Rd2 59. Rd3 Re2+ 60. Kd4 Re1 61. a5 Rxe5 62. Re3 Rxe3 63. Kxe3 Kd6 64. Kd3 Kc5 65. Kc3 Kb5 66. b4 Ka6 67. Kc4 Kb7 68. Kc5 Kc7 69. Kb5 Kb7 70. a6+ Kb8 71. Kc5 Ka8 72. b5 Kb8 73. Kc6 Ka8 74. b6 axb6 75. Kxb6 1/2-1/2